Catálogo

PRINCIPIOS DE ADMINISTRACION POR OBJETIVOS (Registro nro. 26966)

Detalles MARC
000 -LEADER
fixed length control field 00434nam a2200169 a 4500
001 - CONTROL NUMBER
control field 26966
005 - DATE AND TIME OF LATEST TRANSACTION
control field 20180713225607.0
008 - FIXED-LENGTH DATA ELEMENTS--GENERAL INFORMATION
fixed length control field 140415s1980 mx 000 0 spa d
020 ## - INTERNATIONAL STANDARD BOOK NUMBER
International Standard Book Number 9681306449
041 ## - LANGUAGE CODE
Language code of text/sound track or separate title spa
082 ## - DEWEY DECIMAL CLASSIFICATION NUMBER
Classification number 658
100 1# - MAIN ENTRY--PERSONAL NAME
Personal name VAZQUEZ MARTINEZ, CUAUHTEMOC
245 10 - TITLE STATEMENT
Title PRINCIPIOS DE ADMINISTRACION POR OBJETIVOS
250 ## - EDITION STATEMENT
Edition statement 1ª EDICIÓN
260 ## - PUBLICATION, DISTRIBUTION, ETC.
Place of publication, distribution, etc. MEXICO :
Name of publisher, distributor, etc. DIANA,
Date of publication, distribution, etc. 1980
520 ## - SUMMARY, ETC.
Summary, etc. CG
Existencias
Withdrawn status Lost status Source of classification or shelving scheme Damaged status Not for loan Collection code Home library Current library Shelving location Date acquired Source of acquisition Total Checkouts Full call number Barcode Date last seen Price effective from Koha item type
    Dewey Decimal Classification     General Tehuacán Tehuacán Sala general 03/12/2013 Compra   658 500033 08/01/2025 03/12/2013 Libro